Questions-réponses sur la Louisiane (Vol. 1) - Statistiques

Statistiques générales
  • Ce quiz a été pris 38 fois
  • Le résultat moyen est 8 sur 20
Statistiques - réponses
Questions Réponses % Correct
Plus grande ville de Louisiane fondée en 1720 par Jean-Baptiste Le Moyne de Bienville. La Nouvelle-Orléans
97%
Grand fleuve que descendit Robert Cavelier de La Salle en 1682, voie par laquelle il découvrit la Louisiane. Le Mississippi
90%
Golfe qui borde la Louisiane. Le Golfe du Mexique
83%
Général corse, premier consul, qui vendit la Louisiane aux Américains en 1803 après que les Espagnols la lui avait cédée en 1800. Il s'agit toujours de la plus grande vente de terrains de l'histoire. Napoléon Bonaparte
69%
Anciens méandre et bras du delta du grand fleuve (Question #4) et par extension, région marécageuse du sud-ouest de la Louisiane où se sont installés les Acadiens. Le bayou
52%
Ouragan qui frappa la grande ville (voir question #2) en 2005, l'un des plus puissants, des plus meurtriers (1836 morts) et des plus dévastateurs jamais enregistrés aux États-Unis. Katrina
48%
Dérivé d'"Acadien" désignant les descendants des premiers exilés acadiens ainsi que d'autres communautés arrivés plus tard et qui se sont assimilés. Cajun
45%
Chanteur français qui, par sa chanson "Les Acadiens" sortie en 1975, rappela que si les Acadiens et Acadiennes de Louisiane sont américains et américaines, c'est la faute au précédent. Michel Fugain
41%
Régent de France qui a donné son nom à cette grande ville. Philippe d'Orléans
38%
Héros canadien-français des guerres contre les Anglais qu'il défit à la Baie d'Hudson en 1686 avant de fonder une colonie en Louisiane en 1699. Pierre Le Moyne d'Iberville
28%
Ministre de Louis XV qui céda la Louisiane à son allié espagnol en compensation de la perte de la Floride à la suite de la Guerre de Sept ans. Étienne-François de Choiseul
24%
Général confédéré franco-louisianais de la Guerre de Sécession qui milita activement après-guerre pour la fin de la ségrégation raciale en Louisiane. Gustave Toutant de Beauregard
24%
Nom donné aux déportations massives des Acadiens orchestrées par les Anglais entre 1755 et 1763, après quoi nombre d'entre eux choisirent l'exil dans le sud-ouest de la Louisiane. Le Grand dérangement
24%
Plat très épicé typique de la cuisine acadienne de Louisiane à base de riz et selon les recettes, de jambon, de saucisse, de gambas ou d'huître. Il a inspiré une chanson à Hank Williams sur un air typiquement acadien. Le jambalaya
24%
Plateforme médiatique louisianaise d'expression française créée en 2018 par Will McGrew de développer "la langue, la culture et l'économie franco-louisianaise". Télé-Louisiane
24%
Romancier préromantique, auteur du poème en prose "Les Natchez", du nom de l'un des rares peuples amérindiens massacrés par des Français, ce qui n'empêcha pas cet auteur de conclure : "De tous les Européens, mes compatriotes sont les plus aimés des Indiens". François-René de Chateaubriand
21%
Violoniste virtuose d'origine acadienne, plusieurs fois cité dans la chanson "Les Acadiens" (voir question #13) qui accompagna le Canadien anglophone Neil Young sur cinq albums. Rufus Thibodeaux
21%
Mouvement anti-raciste qui profana une statue à l'effigie du précédent en Louisiane et obtint son déboulonnage en 2017 et ce malgré les convictions anti-ségrégationnistes de celui-ci. Black Lives Matter
17%
Groupe de rock californien qui chantait la Louisiane avec des airs comme "Proud Mary" ou "Green River". Creedence Clearwater Revival
17%
Ouragan de catégorie 4 sur l'échelle de Saffir-Simpson qui, en 2021, frappa le sud-ouest de la Louisiane où vivent encore les descendants des Acadiens et des communautés amérindiennes parlant encore un peu français comme les Houmas. Ida
14%
Aucun quiz correspondant
Distribution des résultats
% des personnes avec chaque résultat
Percentile par nombre de réponses
Votre historique - résultats
Vous n’avez pas pris ce quiz